000
00301nam a22001337a 4500
008
181203b xxu||||| |||| 00| 0 eng d
020
_a
9781599183626
041
_a
eng
080
_a
339.138
100
_a
60
101
_a
mar
245
_a
The Marketing Plan Handbook
_c
Bly.R.W
942
_2
udc
_c
BK
999
_c
52692
_d
52692